00633nam a2200229 4500003000400000005001700004008004100021020001500062040001800077050001700095100003100112245005900143264003400202300003300236336002200269337002400291338002400315490001600339650002000355942001100375999001700386OSt20260601193528.0260418b1979 sp a|||| |||| 00| 0 spa d a842520934X aICIbspacICI a NK1390bL56 1aLlovet, Jordid1947936034 1aIdeología y Metodología del DiseñocJordi Llovet bGustavo Gilic1979aBarcelona a161 páginasbilustraciones atexto2rdacontent asin medio2rdamedia avolumen2rdacarrier aGG Diseño aDiseño936035 2ddccB c21251d21251